[Event "Oberliga Ost A 2023 2024"]
[Site "?"]
[Date "2024.03.16"]
[Round "8.2"]
[Board "7"]
[White "Greger, Ubald"]
[Black "Schaefer, Sven"]
[Result "0-1"]
[WhiteElo "2100"]
[BlackElo "1987"]
[Annotator "thoma"]
[PlyCount "60"]
[EventDate "2023.10.22"]
[EventType "team-tourn"]
[EventCountry "GER"]
[WhiteTeam "Leipzig SG II"]
[BlackTeam "Dessau SK"]
[WhiteTeamCountry "GER"]
[BlackTeamCountry "GER"]

1. e4 c5 2. c4 Nc6 3. Nc3 g6 4. g3 Bg7 5. Bg2 d6 6. Nge2 e5 7. d3 Nge7 8. O-O O-O 9. Nd5 Nxd5 10. cxd5 Nd4 11. Nxd4 cxd4 12. Qb3 f5 13. f4 fxe4 14. dxe4 Qe7 15. Bd2 Bh6 16. Rf2 Bd7 17. a4 b6 18. Raf1 Qe8 19. a5 bxa5 20. Qa3 Qe7 21. fxe5 Rxf2 22. Rxf2 Bxd2 23. Rxd2 Qxe5 24. Qxa5 Rc8 25. Rf2 d3 26. Qxa7 d2 27. Rxd2 Rc1+ 28. Kf2 Qf6+ 29. Bf3 Bg4 30. Qb8+ Kg7 $138 0-1

[Event "Oberliga Ost A 2023 2024"]
[Site "?"]
[Date "2024.03.16"]
[Round "8.2"]
[Board "8"]
[White "Leibovitch, Iziaslav"]
[Black "Gempe, Anet"]
[Result "1-0"]
[WhiteElo "2091"]
[BlackElo "1961"]
[PlyCount "79"]
[EventDate "2023.10.22"]
[EventType "team-tourn"]
[EventCountry "GER"]
[WhiteTeam "Dessau SK"]
[BlackTeam "Leipzig SG II"]
[WhiteTeamCountry "GER"]
[BlackTeamCountry "GER"]

1. Nf3 e6 2. g3 d5 3. Bg2 Nf6 4. O-O Be7 5. d3 O-O 6. Nbd2 b6 7. e4 Bb7 8. e5 Nfd7 9. Re1 c5 10. Qe2 Nc6 11. c3 Qc7 12. Nf1 Rfd8 13. h4 b5 14. Bf4 b4 15. N1h2 Nf8 16. h5 bxc3 17. bxc3 Qa5 18. Rec1 Ba6 19. Ng4 c4 20. d4 Ba3 21. h6 Ng6 22. Bg5 Bxc1 23. Rxc1 Qa3 24. hxg7 h5 25. Nf6+ Kxg7 26. Nxh5+ Kf8 27. Qd2 Rdb8 28. Nf6 Rb2 29. Bh6+ Ke7 30. Qg5 Kd8 31. Nh4 Nxh4 32. Qxh4 Kc7 33. Qf4 Bb7 34. Bxd5 exd5 35. Nxd5+ Kc8 36. Qxf7 Qa5 37. Qe6+ Kb8 38. Qd6+ Kc8 39. Bg5 Rb8 40. Qe6# 1-0

[Event "Oberliga Ost A 2023 2024"]
[Site "?"]
[Date "2024.03.16"]
[Round "8.3"]
[Board "1"]
[White "Schuetze, Norman"]
[Black "Zaehringer, Daniel"]
[Result "1/2-1/2"]
[WhiteElo "2252"]
[BlackElo "2175"]
[PlyCount "105"]
[EventDate "2023.10.22"]
[EventType "team-tourn"]
[EventCountry "GER"]
[WhiteTeam "Loeberitz SG"]
[BlackTeam "Plauen SK Koenig"]
[WhiteTeamCountry "GER"]
[BlackTeamCountry "GER"]

1. e4 e5 2. Nf3 Nf6 3. Nxe5 d6 4. Nf3 Nxe4 5. Nc3 Nxc3 6. dxc3 Be7 7. Be3 Nd7 8. Qd2 Nf6 9. Bd3 O-O 10. O-O-O c5 11. Rhg1 b5 12. g4 Bb7 13. Nh4 c4 14. g5 cxd3 15. gxf6 Bxf6 16. Bh6 Be4 17. cxd3 Bg6 18. Bg5 Re8 19. Nxg6 hxg6 20. h4 Rc8 21. Qf4 Rc5 22. Bxf6 Qxf6 23. Qxf6 gxf6 24. Rg4 Re2 25. Rd2 Re1+ 26. Kc2 Kf8 27. a4 a6 28. axb5 axb5 29. Rf4 Ke7 30. d4 Rc4 31. h5 b4 32. Rh4 bxc3 33. bxc3 gxh5 34. Rxh5 Ke6 35. Kd3 Rc7 36. Rh8 Ke7 37. Ra8 f5 38. Ra6 Rb7 39. Raa2 Kd7 40. Ra5 Ke6 41. Ra6 Ke7 42. Ra3 Ke6 43. c4 Ke7 44. Rc3 Ra7 45. c5 dxc5 46. Rxc5 Ke6 47. Kc4 Rc1+ 48. Kb5 Rb1+ 49. Kc6 Ra6+ 50. Kc7 Ra7+ 51. Kc6 Ra6+ 52. Kc7 Ra7+ 53. Kc6 1/2-1/2

[Event "Oberliga Ost A 2023 2024"]
[Site "?"]
[Date "2024.03.16"]
[Round "8.3"]
[Board "3"]
[White "Pallas, Sebastian"]
[Black "Burian, Simon"]
[Result "1-0"]
[WhiteElo "2209"]
[BlackElo "2189"]
[PlyCount "125"]
[EventDate "2023.10.22"]
[EventType "team-tourn"]
[EventCountry "GER"]
[WhiteTeam "Loeberitz SG"]
[BlackTeam "Plauen SK Koenig"]
[WhiteTeamCountry "GER"]
[BlackTeamCountry "GER"]

1. e4 c5 2. Nf3 d6 3. Bc4 e6 4. O-O Nc6 5. Re1 g6 6. c3 Bg7 7. d4 Nge7 8. d5 Na5 9. Bb5+ Bd7 10. Qa4 b6 11. Ng5 exd5 12. exd5 a6 13. Bxd7+ Qxd7 14. Qxd7+ Kxd7 15. Nxf7 Rhe8 16. Rd1 Nxd5 17. Na3 Re2 18. Kf1 Rae8 19. g3 Nxc3 20. bxc3 Bxc3 21. Rxd6+ Ke7 22. Kxe2 Kxf7+ 23. Be3 Bxa1 24. Rxb6 Re6 25. Rxe6 Kxe6 26. Bxc5 Kd5 27. Bb4 Nc6 28. Nc2 Bd4 29. Bd2 Bg7 30. Ne3+ Kc5 31. f4 h5 32. Kd3 Ne7 33. Ke4 Bb2 34. h3 Bf6 35. g4 hxg4 36. hxg4 Nc8 37. Kd3 Nb6 38. Bc3 Bxc3 39. Kxc3 a5 40. g5 a4 41. f5 gxf5 42. g6 Nd7 43. Nxf5 Nf6 44. g7 Ng8 45. Ne3 Nf6 46. Ng4 Ng8 47. a3 Kd5 48. Kb4 Ke6 49. Kxa4 Kf7 50. Kb5 Kxg7 51. a4 Ne7 52. Kc5 Kf7 53. a5 Ke6 54. a6 Nc8 55. Kc6 Na7+ 56. Kb7 Nb5 57. Ne3 Kd6 58. Kb6 Nc7 59. a7 Na8+ 60. Kb7 Kd7 61. Nc4 Nc7 62. Nb6+ Kd6 63. Nd5 1-0

[Event "Oberliga Ost A 2023 2024"]
[Site "?"]
[Date "2024.03.16"]
[Round "8.3"]
[Board "4"]
[White "Kuraszkiewicz, Michael"]
[Black "Niegsch, Nicolas"]
[Result "0-1"]
[WhiteElo "2232"]
[BlackElo "2276"]
[PlyCount "76"]
[EventDate "2023.10.22"]
[EventType "team-tourn"]
[EventCountry "GER"]
[WhiteTeam "Plauen SK Koenig"]
[BlackTeam "Loeberitz SG"]
[WhiteTeamCountry "GER"]
[BlackTeamCountry "GER"]

1. d4 d5 2. c4 e6 3. Nf3 c5 4. cxd5 exd5 5. g3 Nf6 6. Bg2 Nc6 7. O-O h6 8. a3 Be6 9. dxc5 Bxc5 10. b4 Bb6 11. Bb2 O-O 12. Nbd2 Qe7 13. Nb3 Rfe8 14. Rc1 Bg4 15. b5 Nd8 16. a4 a5 17. h3 Bxf3 18. Bxf3 Ne6 19. Bxf6 Qxf6 20. Qxd5 Ng5 21. Qxb7 Rab8 22. Qc6 Re6 23. Qc3 Nxh3+ 24. Kg2 Qf5 25. Qc4 Rg6 26. Qh4 Ng5 27. Rc4 Re8 28. Nd4 Qe5 29. Nc6 Nxf3 30. exf3 Qe2 31. Re4 Rxe4 32. Qxe4 Rxg3+ 33. Kxg3 Qxf1 34. Qe8+ Kh7 35. Qxf7 Bxf2+ 36. Kg4 Qg2+ 37. Kf4 Qg5+ 38. Ke4 Qe3+ 0-1

[Event "Oberliga Ost A 2023 2024"]
[Site "?"]
[Date "2024.03.16"]
[Round "8.3"]
[Board "5"]
[White "Boehm, Christian"]
[Black "Hoerr, Matthias"]
[Result "1-0"]
[WhiteElo "2054"]
[BlackElo "2085"]
[PlyCount "77"]
[EventDate "2023.10.22"]
[EventType "team-tourn"]
[EventCountry "GER"]
[WhiteTeam "Loeberitz SG"]
[BlackTeam "Plauen SK Koenig"]
[WhiteTeamCountry "GER"]
[BlackTeamCountry "GER"]

1. e4 c5 2. Nf3 e6 3. g3 Nc6 4. Bg2 Nf6 5. Qe2 e5 6. O-O Be7 7. c3 O-O 8. Rd1 Qc7 9. Na3 Re8 10. d4 cxd4 11. Nb5 Qb6 12. cxd4 d5 13. dxe5 Nxe4 14. Rxd5 Be6 15. Be3 Qa5 16. Rdd1 Rad8 17. Nfd4 Bd5 18. Nxc6 bxc6 19. Nd4 Bf8 20. Nb3 Qc7 21. Bf4 Nc5 22. Bxd5 Rxd5 23. Rxd5 cxd5 24. Rc1 Qb6 25. Be3 Qa6 26. Qxa6 Nxa6 27. Bxa7 Nb4 28. Bc5 Nxa2 29. Re1 Rb8 30. Bxf8 Kxf8 31. Re3 Ke7 32. f4 Rc8 33. Nd4 Rc4 34. Nf5+ Kd7 35. Ra3 Nb4 36. Ra7+ Kc6 37. Rxf7 Nd3 38. b3 Rc2 39. Nd4+ 1-0

[Event "Oberliga Ost A 2023 2024"]
[Site "?"]
[Date "2024.03.16"]
[Round "8.3"]
[Board "7"]
[White "Proehl, Holger"]
[Black "Fischer, Erik"]
[Result "1/2-1/2"]
[WhiteElo "2331"]
[BlackElo "2075"]
[PlyCount "50"]
[EventDate "2023.10.22"]
[EventType "team-tourn"]
[EventCountry "GER"]
[WhiteTeam "Loeberitz SG"]
[BlackTeam "Plauen SK Koenig"]
[WhiteTeamCountry "GER"]
[BlackTeamCountry "GER"]

1. e4 c5 2. c3 Nf6 3. e5 Nd5 4. g3 d6 5. exd6 Nc6 6. Bg2 Qxd6 7. Nf3 Bf5 8. d4 Qe6+ 9. Qe2 Qxe2+ 10. Kxe2 e6 11. Be3 O-O-O 12. Nbd2 f6 13. Rhd1 Kb8 14. Rac1 cxd4 15. Nxd4 Nxd4+ 16. Bxd4 e5 17. Be3 Be7 18. Nb3 Nxe3 19. fxe3 Rxd1 20. Rxd1 Kc7 21. Bd5 Bg4+ 22. Bf3 Be6 23. Bd5 Bg4+ 24. Bf3 Be6 25. Bd5 Bg4+ 1/2-1/2

[Event "Oberliga Ost A 2023 2024"]
[Site "?"]
[Date "2024.03.16"]
[Round "8.3"]
[Board "8"]
[White "Pfretzschner, Roland"]
[Black "Schaefer, Reyk"]
[Result "1-0"]
[WhiteElo "2130"]
[BlackElo "2094"]
[PlyCount "43"]
[EventDate "2023.10.22"]
[EventType "team-tourn"]
[EventCountry "GER"]
[WhiteTeam "Plauen SK Koenig"]
[BlackTeam "Loeberitz SG"]
[WhiteTeamCountry "GER"]
[BlackTeamCountry "GER"]

1. e4 c6 2. d4 d5 3. e5 Bf5 4. Nf3 e6 5. Be2 Nd7 6. O-O Bg6 7. a4 Nh6 8. a5 a6 9. c4 dxc4 10. Bxc4 Nf5 11. Nc3 Be7 12. g4 Nh4 13. Nxh4 Bxh4 14. f4 h5 15. f5 exf5 16. gxf5 Bh7 17. e6 Nf6 18. exf7+ Kf8 19. Be6 g6 20. Bh6+ Ke7 21. Qe2 gxf5 22. Bxf5+ 1-0

[Event "Oberliga Ost A 2023 2024"]
[Site "?"]
[Date "2024.03.16"]
[Round "8.4"]
[Board "1"]
[White "Mueller, Frank"]
[Black "Teske, Henrik"]
[Result "1/2-1/2"]
[WhiteElo "2275"]
[BlackElo "2457"]
[PlyCount "62"]
[EventDate "2023.10.22"]
[EventType "team-tourn"]
[EventCountry "GER"]
[WhiteTeam "Leipzig VfB"]
[BlackTeam "Erfurt SV Empor"]
[WhiteTeamCountry "GER"]
[BlackTeamCountry "GER"]

1. d4 Nf6 2. Nf3 d5 3. e3 g6 4. Nbd2 Bg7 5. Bd3 O-O 6. b4 a5 7. b5 c5 8. bxc6 Nxc6 9. O-O Nb4 10. Ba3 Nxd3 11. cxd3 b5 12. Ne5 b4 13. Bb2 Nd7 14. a3 Nxe5 15. dxe5 Bf5 16. Nf3 bxa3 17. Rxa3 Qb6 18. Qa1 a4 19. Bd4 Qa6 20. Rb1 Rfb8 21. Rxb8+ Rxb8 22. h3 Ra8 23. Qc3 Qb7 24. g4 Rc8 25. Qa1 Bd7 26. e6 Bxd4 27. exf7+ Kxf7 28. Qxd4 Kg8 29. Ne5 Be8 30. g5 Bd7 31. Kg2 Ra8 1/2-1/2

[Event "Oberliga Ost A 2023 2024"]
[Site "?"]
[Date "2024.03.16"]
[Round "8.4"]
[Board "2"]
[White "Langheinrich, Ferenc"]
[Black "Englert, Luca"]
[Result "1-0"]
[WhiteElo "2338"]
[BlackElo "2123"]
[PlyCount "99"]
[EventDate "2023.10.22"]
[EventType "team-tourn"]
[EventCountry "GER"]
[WhiteTeam "Erfurt SV Empor"]
[BlackTeam "Leipzig VfB"]
[WhiteTeamCountry "GER"]
[BlackTeamCountry "GER"]

1. d4 d5 2. Nf3 Nf6 3. e3 e6 4. Bd3 c5 5. c3 Nc6 6. O-O Bd6 7. Nbd2 e5 8. e4 cxd4 9. cxd4 O-O 10. exd5 Nxd4 11. Nxd4 exd4 12. Nf3 Bg4 13. h3 Bh5 14. Be2 Re8 15. Bb5 Re5 16. Qb3 Rxd5 17. Bc4 Rc5 18. Nxd4 Bb8 19. Ne2 Qc8 20. Bd3 Bd6 21. Be3 Rc7 22. Nc3 a6 23. Nd5 Rc6 24. Nb6 Rxb6 25. Bxb6 Qd7 26. Rfe1 Nd5 27. Be4 Nf4 28. Be3 Rb8 29. Bxf4 Bxf4 30. Qd5 Qxd5 31. Bxd5 Kf8 32. Be4 Bd2 33. Reb1 Be2 34. Bd3 Bh5 35. g4 Rd8 36. Bxh7 Bxg4 37. hxg4 g6 38. Rd1 Kg7 39. Bxg6 Kxg6 40. Kf1 Rh8 41. Ke2 Bf4 42. Rd7 b5 43. Kf3 Be5 44. Rc1 Rh3+ 45. Ke4 Bxb2 46. Rc6+ Kg5 47. Rxf7 Ra3 48. f4+ Kxg4 49. Rg6+ Kh5 50. Kf5 1-0

[Event "Oberliga Ost A 2023 2024"]
[Site "?"]
[Date "2024.03.16"]
[Round "8.4"]
[Board "3"]
[White "Geiling, Christian"]
[Black "Urban, Lars"]
[Result "0-1"]
[WhiteElo "2168"]
[BlackElo "2219"]
[PlyCount "78"]
[EventDate "2023.10.22"]
[EventType "team-tourn"]
[EventCountry "GER"]
[WhiteTeam "Leipzig VfB"]
[BlackTeam "Erfurt SV Empor"]
[WhiteTeamCountry "GER"]
[BlackTeamCountry "GER"]

1. Nf3 d5 2. c4 e6 3. d4 Nf6 4. g3 Bb4+ 5. Bd2 Be7 6. Bg2 O-O 7. O-O c6 8. Qc2 a5 9. Nc3 dxc4 10. e4 b5 11. Rfd1 Nbd7 12. Bf4 Bb7 13. h4 h6 14. Qe2 Re8 15. Ne5 Nxe5 16. dxe5 Nd7 17. Qg4 Bf8 18. h5 Kh8 19. Qf3 Qc7 20. g4 Nxe5 21. Bxe5 Qxe5 22. Qxf7 Ba6 23. f4 Qc5+ 24. Kf1 e5 25. Rd7 b4 26. g5 Re7 27. Rxe7 Qxe7 28. Qxe7 Bxe7 29. Ne2 exf4 30. gxh6 gxh6 31. Kf2 Rd8 32. Kf3 Bf6 33. Nxf4 Bxb2 34. Rg1 c3 35. Ng6+ Kh7 36. Bh3 Bc8 37. Bxc8 Rxc8 38. Rd1 c2 39. Rd7+ Bg7 0-1

[Event "Oberliga Ost A 2023 2024"]
[Site "?"]
[Date "2024.03.16"]
[Round "8.4"]
[Board "4"]
[White "Heinke, Jasper"]
[Black "Rohne, Lars"]
[Result "1/2-1/2"]
[WhiteElo "2052"]
[BlackElo "2120"]
[PlyCount "65"]
[EventDate "2023.10.22"]
[EventType "team-tourn"]
[EventCountry "GER"]
[WhiteTeam "Erfurt SV Empor"]
[BlackTeam "Leipzig VfB"]
[WhiteTeamCountry "GER"]
[BlackTeamCountry "GER"]

1. e4 c5 2. Nf3 e6 3. d4 cxd4 4. Nxd4 Nf6 5. Nc3 Nc6 6. Bf4 Bb4 7. Ndb5 e5 8. Bg5 O-O 9. a3 Be7 10. Bxf6 Bxf6 11. Nd5 d6 12. Nxf6+ Qxf6 13. Qxd6 Be6 14. Bd3 Qg5 15. Qc5 Qxg2 16. O-O-O a6 17. Nd6 Qg5+ 18. Kb1 Qe7 19. f4 exf4 20. e5 Nxe5 21. Rhg1 Nxd3 22. Rxg7+ Kxg7 23. Nf5+ Bxf5 24. Qxe7 Rfe8 25. Qg5+ Bg6 26. Rxd3 Rac8 27. Rd6 f3 28. h4 f2 29. Qf6+ Kf8 30. Qh8+ Ke7 31. Qf6+ Kf8 32. Qh8+ Ke7 33. Qf6+ 1/2-1/2

[Event "Oberliga Ost A 2023 2024"]
[Site "?"]
[Date "2024.03.16"]
[Round "8.4"]
[Board "5"]
[White "Just, Wolfgang"]
[Black "Michalowski, Peter"]
[Result "1/2-1/2"]
[WhiteElo "2079"]
[BlackElo "2053"]
[PlyCount "137"]
[EventDate "2023.10.22"]
[EventType "team-tourn"]
[EventCountry "GER"]
[WhiteTeam "Leipzig VfB"]
[BlackTeam "Erfurt SV Empor"]
[WhiteTeamCountry "GER"]
[BlackTeamCountry "GER"]

1. e4 c5 2. Nc3 a6 3. b3 b5 4. Bb2 Bb7 5. d3 e6 6. Be2 Nc6 7. Nh3 Nd4 8. O-O b4 9. Na4 Nxe2+ 10. Qxe2 Nf6 11. a3 a5 12. axb4 axb4 13. f4 Be7 14. g4 h6 15. f5 Qc7 16. Nf4 e5 17. Nh3 Nh7 18. Qe3 Ng5 19. Qg3 Nxh3+ 20. Qxh3 Bg5 21. Bc1 Bxc1 22. Raxc1 d6 23. Nb2 f6 24. Nc4 O-O 25. Qg3 d5 26. exd5 Bxd5 27. Ne3 Bb7 28. h4 Kf7 29. g5 hxg5 30. hxg5 Qd7 31. Qg4 Qd4 32. Qxd4 cxd4 33. Nc4 Ba6 34. Nb6 Ra7 35. Ra1 Rb8 36. g6+ Ke7 37. Nd5+ Kd6 38. Ra5 Rb5 39. Rfa1 Rxd5 40. Rxa6+ Rxa6 41. Rxa6+ Ke7 42. Kf2 Rd7 43. Ke1 Rc7 44. Kd2 Rb7 45. Ra8 Kd6 46. Rd8+ Kc7 47. Rg8 Kd6 48. Ke2 Rc7 49. Kd2 Rb7 50. Rc8 Kd5 51. Rd8+ Kc6 52. Ke2 Kc7 53. Rg8 Kd6 54. Kf3 Kc6 55. Ke4 Kd6 56. Rd8+ Kc7 57. Ra8 Kc6 58. Ra4 Kd6 59. Ra6+ Kc5 60. Ra5+ Kd6 61. Rd5+ Kc6 62. Rd8 Kc5 63. Rh8 Kc6 64. Rf8 Kd6 65. Rh8 Kc6 66. Rh7 Kd6 67. Kf3 Kd5 68. Kg4 Rc7 69. Rh2 1/2-1/2

[Event "Oberliga Ost A 2023 2024"]
[Site "?"]
[Date "2024.03.16"]
[Round "8.4"]
[Board "6"]
[White "Wiemers, Holger"]
[Black "Schoen, Florian"]
[Result "1/2-1/2"]
[WhiteElo "2045"]
[BlackElo "1908"]
[PlyCount "31"]
[EventDate "2023.10.22"]
[EventType "team-tourn"]
[EventCountry "GER"]
[WhiteTeam "Erfurt SV Empor"]
[BlackTeam "Leipzig VfB"]
[WhiteTeamCountry "GER"]
[BlackTeamCountry "GER"]

1. d4 d5 2. Nf3 Nf6 3. e3 e6 4. Bd3 Be7 5. Nbd2 O-O 6. O-O Nbd7 7. b3 b6 8. Bb2 Bb7 9. Qe2 c5 10. c4 a5 11. Ne5 cxd4 12. exd4 Nxe5 13. dxe5 Nd7 14. Rad1 a4 15. cxd5 Bxd5 16. Ra1 1/2-1/2

[Event "Oberliga Ost A 2023 2024"]
[Site "?"]
[Date "2024.03.16"]
[Round "8.4"]
[Board "7"]
[White "Collini, Carsten"]
[Black "Nicolai, Tim"]
[Result "1-0"]
[WhiteElo "2088"]
[BlackElo "1986"]
[PlyCount "83"]
[EventDate "2023.10.22"]
[EventType "team-tourn"]
[EventCountry "GER"]
[WhiteTeam "Leipzig VfB"]
[BlackTeam "Erfurt SV Empor"]
[WhiteTeamCountry "GER"]
[BlackTeamCountry "GER"]

1. e4 c5 2. Nf3 e6 3. Nc3 Nc6 4. g3 d5 5. d3 Nf6 6. Bg5 d4 7. Ne2 e5 8. Bg2 Be7 9. Bxf6 Bxf6 10. O-O g5 11. Nd2 h5 12. f4 gxf4 13. gxf4 h4 14. Kh1 Bg4 15. Bf3 Qd7 16. Ng1 Rg8 17. f5 Bxf3+ 18. Ngxf3 O-O-O 19. a4 h3 20. Rg1 Rg7 21. Rxg7 Bxg7 22. Nc4 Bh6 23. Nfxe5 Nxe5 24. Nxe5 Qc7 25. Ng4 Bg5 26. b3 Qf4 27. Qe2 Rg8 28. Rf1 Qc7 29. Rf3 Qa5 30. Rxh3 Bf4 31. Nf6 Rd8 32. Nd5 Be5 33. Rh6 Kb8 34. f6 b5 35. Rh5 bxa4 36. Ne7 Rd6 37. bxa4 Bxf6 38. e5 Rb6 39. exf6 Rb1+ 40. Kg2 Re1 41. Nc6+ Kc7 42. Nxa5 1-0

[Event "Oberliga Ost A 2023 2024"]
[Site "?"]
[Date "2024.03.16"]
[Round "8.4"]
[Board "8"]
[White "Bergmann, Harald"]
[Black "Mader, Joerg"]
[Result "0-1"]
[WhiteElo "1851"]
[BlackElo "2078"]
[PlyCount "70"]
[EventDate "2023.10.22"]
[EventType "team-tourn"]
[EventCountry "GER"]
[WhiteTeam "Erfurt SV Empor"]
[BlackTeam "Leipzig VfB"]
[WhiteTeamCountry "GER"]
[BlackTeamCountry "GER"]

1. e4 e5 2. Nf3 Nf6 3. Nxe5 d6 4. Nf3 Nxe4 5. Qe2 Qe7 6. d3 Nf6 7. Bg5 Qxe2+ 8. Bxe2 Be7 9. Nc3 Nc6 10. Nb5 Kd8 11. O-O-O h6 12. Bh4 g5 13. Bg3 Nh5 14. Nfd4 Nxg3 15. hxg3 Bf6 16. Nxc6+ bxc6 17. Na3 c5 18. Bf3 Rb8 19. b3 Be6 20. g4 d5 21. c4 c6 22. Kc2 Kc7 23. Rb1 Bd4 24. Rbf1 a5 25. Bd1 a4 26. Kd2 axb3 27. Bxb3 Bxg4 28. cxd5 cxd5 29. Bxd5 Rb2+ 30. Nc2 Rc8 31. f3 Be6 32. Be4 f5 33. Rxh6 fxe4 34. fxe4 Bxa2 35. Rhh1 Bb3 0-1

[Event "Oberliga Ost A 2023 2024"]
[Site "?"]
[Date "2024.03.16"]
[Round "8.5"]
[Board "1"]
[White "Cerveny, Martin"]
[Black "Dahl, Christoph"]
[Result "0-1"]
[WhiteElo "2377"]
[BlackElo "2367"]
[PlyCount "124"]
[EventDate "2023.10.22"]
[EventType "team-tourn"]
[EventCountry "GER"]
[WhiteTeam "Aue ESV Nickelhuette II"]
[BlackTeam "Dresden SG Gruen Weiss"]
[WhiteTeamCountry "GER"]
[BlackTeamCountry "GER"]

1. d4 Nf6 2. Nf3 e6 3. c4 d5 4. Nc3 dxc4 5. e3 a6 6. a4 b6 7. Bxc4 Bb4 8. O-O Bb7 9. Ne5 Nbd7 10. f4 O-O 11. Be2 c5 12. Bf3 Qc7 13. Na2 Ba5 14. Nxd7 Nxd7 15. b3 Bxf3 16. Rxf3 b5 17. Bb2 bxa4 18. d5 axb3 19. Rh3 f5 20. dxe6 Nf6 21. Qxb3 c4 22. Qc2 Ne4 23. Ba3 Rfd8 24. e7 Rd3 25. Qa4 Qd7 26. Qxc4+ Kh8 27. Bb2 Rd1+ 28. Rxd1 Qxd1+ 29. Qf1 Be1 30. Rf3 Nd2 31. Nc3 Nxf3+ 32. Kh1 Qd7 33. Qxf3 Rb8 34. h3 Qxe7 35. Qe2 Qb4 36. Nd1 Bg3 37. Bc3 Qb5 38. Qf3 Qd3 39. Bxg7+ Kxg7 40. Qxg3+ Kh8 41. Nf2 Qc3 42. Qg5 Rf8 43. Qe7 Qg7 44. Qa3 Rg8 45. g4 Ra8 46. Kh2 fxg4 47. hxg4 a5 48. Kg3 a4 49. Ne4 Qf8 50. Nd6 Rb8 51. Qc3+ Qg7 52. Qc1 h5 53. g5 Qd7 54. Qc3+ Kg8 55. Ne4 Qg4+ 56. Kf2 Qh4+ 57. Ng3 Rb2+ 58. Kf3 Qg4+ 59. Ke4 Qe6+ 60. Kf3 Qd5+ 61. Ne4 Qd1+ 62. Kg3 Qg4# 0-1

[Event "Oberliga Ost A 2023 2024"]
[Site "?"]
[Date "2024.03.16"]
[Round "8.5"]
[Board "2"]
[White "Rudolf, Sebastian"]
[Black "Jurasek, Miroslav"]
[Result "1/2-1/2"]
[WhiteElo "2304"]
[BlackElo "2241"]
[PlyCount "31"]
[EventDate "2023.10.22"]
[EventType "team-tourn"]
[EventCountry "GER"]
[WhiteTeam "Dresden SG Gruen Weiss"]
[BlackTeam "Aue ESV Nickelhuette II"]
[WhiteTeamCountry "GER"]
[BlackTeamCountry "GER"]

1. e4 e5 2. Nf3 Nf6 3. Nxe5 d6 4. Nf3 Nxe4 5. Nc3 Nxc3 6. dxc3 Be7 7. Bf4 O-O 8. Qd2 Nd7 9. O-O-O Nf6 10. Bd3 Be6 11. Kb1 Qd7 12. Rhe1 Rae8 13. Nd4 Nd5 14. Bg5 Qd8 15. Bxe7 Rxe7 16. Re2 1/2-1/2

[Event "Oberliga Ost A 2023 2024"]
[Site "?"]
[Date "2024.03.16"]
[Round "8.5"]
[Board "3"]
[White "Solberg, Joachim"]
[Black "Zwahr, Paul"]
[Result "0-1"]
[WhiteElo "2164"]
[BlackElo "2278"]
[PlyCount "64"]
[EventDate "2023.10.22"]
[EventType "team-tourn"]
[EventCountry "GER"]
[WhiteTeam "Aue ESV Nickelhuette II"]
[BlackTeam "Dresden SG Gruen Weiss"]
[WhiteTeamCountry "GER"]
[BlackTeamCountry "GER"]

1. e4 e5 2. Nf3 Nc6 3. Nc3 Nf6 4. d4 exd4 5. Nxd4 Bb4 6. Nxc6 bxc6 7. Bd3 O-O 8. O-O Re8 9. Qf3 d6 10. h3 Nd7 11. Qg3 Ne5 12. Bg5 f6 13. Bd2 Rb8 14. Rfe1 Be6 15. a3 Bc5 16. Na4 Bd4 17. c3 Bxf2+ 18. Kxf2 Bb3 19. Bf4 Bxa4 20. b4 Bb5 21. Bc2 Kh8 22. Rad1 Qe7 23. Kg1 Qf7 24. Qf2 Bc4 25. Kh1 a5 26. Bb1 Ra8 27. Re3 Bb3 28. Rf1 Nc4 29. Rf3 Nxa3 30. e5 dxe5 31. Bg5 Nxb1 32. Rxb1 Bd5 0-1

[Event "Oberliga Ost A 2023 2024"]
[Site "?"]
[Date "2024.03.16"]
[Round "8.5"]
[Board "4"]
[White "Kitze, Alexander"]
[Black "Schnabel, Ralf"]
[Result "1-0"]
[WhiteElo "2299"]
[BlackElo "2203"]
[PlyCount "77"]
[EventDate "2023.10.22"]
[EventType "team-tourn"]
[EventCountry "GER"]
[WhiteTeam "Dresden SG Gruen Weiss"]
[BlackTeam "Aue ESV Nickelhuette II"]
[WhiteTeamCountry "GER"]
[BlackTeamCountry "GER"]

{[%evp 0,63,22,18,18,-20,24,16,5,7,30,23,23,18,34,9,16,15,19,-17,-17,-17,-17,-1,58,52,60,-27,-11,-1014,125,109,107,97,119,119,134,81,73,73,92,94,94,72,89,89,98,108,110,59,65,51,57,51,61,49,39,0,44,68,39,43,65,38,49,46]} 1. Nf3 d5 2. g3 c6 3. Bg2 Nf6 4. O-O Bg4 5. d4 e6 6. h3 Bf5 7. c4 Nbd7 8. Nc3 h6 9. Ne5 Nxe5 10. dxe5 Nd7 11. cxd5 cxd5 12. e4 dxe4 13. Qd4 Qb6 14. Nxe4 Qb4 15. Qxb4 Bxb4 16. Nd6+ Bxd6 17. exd6 O-O-O 18. Be3 Kb8 19. g4 Bc2 20. Rac1 Rc8 21. f4 a6 22. Bd4 f6 23. Rfe1 Rhe8 24. Bc3 Ba4 25. Ba5 b6 26. Bd2 Rxc1 27. Rxc1 Rc8 28. Re1 Nf8 29. g5 hxg5 30. fxg5 Bc6 31. gxf6 gxf6 32. Bxc6 Rxc6 33. Bh6 Nd7 34. Rxe6 Rc2 35. Re8+ Kb7 36. Rd8 Nc5 37. b4 Ne6 38. Re8 Nd4 39. d7 1-0

[Event "Oberliga Ost A 2023 2024"]
[Site "?"]
[Date "2024.03.16"]
[Round "8.5"]
[Board "5"]
[White "Ludvik, Tomas"]
[Black "Genkin, Michael"]
[Result "1-0"]
[WhiteElo "2222"]
[BlackElo "2241"]
[PlyCount "81"]
[EventDate "2023.10.22"]
[EventType "team-tourn"]
[EventCountry "GER"]
[WhiteTeam "Aue ESV Nickelhuette II"]
[BlackTeam "Dresden SG Gruen Weiss"]
[WhiteTeamCountry "GER"]
[BlackTeamCountry "GER"]

1. d4 Nf6 2. c4 e6 3. Nf3 d5 4. Nc3 c5 5. Be3 cxd4 6. Bxd4 Be7 7. cxd5 exd5 8. g3 Nc6 9. Bg2 O-O 10. O-O Be6 11. Rc1 Nxd4 12. Nxd4 Qb6 13. Na4 Qa5 14. Qb3 Rfe8 15. Rfd1 Rac8 16. Rxc8 Bxc8 17. Nc3 Rd8 18. Nc2 d4 19. Rxd4 Rxd4 20. Nxd4 Qb4 21. Qxb4 Bxb4 22. Ncb5 Bc5 23. Nb3 Bb6 24. Nd6 Be6 25. Bxb7 a5 26. e3 a4 27. Nc1 Ba5 28. a3 Kf8 29. Bc6 Ke7 30. Nb5 Bd2 31. Ne2 Ng4 32. Nbc3 Be1 33. Nd1 Bb3 34. Nec3 Ne5 35. Bxa4 Bc4 36. Bb5 Bb3 37. Kf1 Bd2 38. Ke2 Bc1 39. a4 Kd6 40. Ne4+ Kc7 41. f4 1-0

[Event "Oberliga Ost A 2023 2024"]
[Site "?"]
[Date "2024.03.16"]
[Round "8.5"]
[Board "6"]
[White "Siedentopf, Daniel"]
[Black "Kunze, Kerstin"]
[Result "1-0"]
[WhiteElo "2225"]
[BlackElo "1993"]
[PlyCount "117"]
[EventDate "2023.10.22"]
[EventType "team-tourn"]
[EventCountry "GER"]
[WhiteTeam "Dresden SG Gruen Weiss"]
[BlackTeam "Aue ESV Nickelhuette II"]
[WhiteTeamCountry "GER"]
[BlackTeamCountry "GER"]

1. d4 Nf6 2. c4 e6 3. Nc3 d5 4. cxd5 exd5 5. Bg5 Be7 6. e3 c6 7. Qc2 Be6 8. Bd3 Nh5 9. Bxe7 Qxe7 10. Nf3 Nd7 11. O-O g6 12. Rfe1 f5 13. Ne2 O-O 14. g3 Ndf6 15. Nf4 Bc8 16. a3 Ng7 17. Bf1 Ne4 18. Ne5 g5 19. Nfd3 Ne6 20. f3 Nd6 21. Nc5 Qg7 22. Rad1 h5 23. Rd2 Nxc5 24. Qxc5 Rf6 25. b4 Qf8 26. Bd3 a6 27. a4 Be6 28. Rc2 Qd8 29. Rb1 Rf8 30. Kh1 Rf6 31. Qc3 Rc8 32. Qd2 Rf8 33. Rc5 g4 34. f4 Qe8 35. Rbc1 Kg7 36. Qb2 Rh8 37. b5 axb5 38. axb5 h4 39. gxh4 Rxh4 40. bxc6 bxc6 41. Rxc6 Rxc6 42. Rxc6 g3 43. Rc2 Qh5 44. Rg2 Rxh2+ 45. Rxh2 Qxh2+ 46. Qxh2 gxh2 47. Kxh2 Kf6 48. Kg3 Ne8 49. Kh4 Ng7 50. Bb5 Bc8 51. Bc6 Be6 52. Nd3 Ke7 53. Kg5 Kd6 54. Kg6 Kxc6 55. Kxg7 Kb5 56. Kf6 Bc8 57. Ne5 Kb4 58. Nc6+ Kc3 59. Ne7 1-0